Fenomén múzea - vývoj a smerovanie /
Gespeichert in:
| 1. Verfasser: | |
|---|---|
| Format: | Manuskript Buch |
| Sprache: | Slowakisch |
| Veröffentlicht: |
Bratislava :
STU v Bratislave FA,
2013
|
| Schlagworte: | |
| Online-Zugang: | http://is.stuba.sk/zp/portal_zp.pl?podrobnosti_zp=44125 |
| Tags: |
Keine Tags, Fügen Sie das erste Tag hinzu!
|
MARC
| LEADER | 00000ntm a22000003a 4500 | ||
|---|---|---|---|
| 001 | 0000671 | ||
| 003 | SK-STU | ||
| 005 | 20230320131704.0 | ||
| 007 | ta | ||
| 008 | 141219s2014----xo-----f-mn---000-0-slo-d | ||
| 040 | |a BA329 |b slo | ||
| 041 | 0 | |a slo | |
| 044 | |a xo | ||
| 100 | 1 | |a Schleicher, Alexander, |d 1974- |u A8180 |r Z1 |4 aut |9 100 |U FAD Fakulta architektúry |T FA Ústav architektúry občianskych budov |X 472 |U A8180 |Y 399 |7 A000000472 | |
| 242 | 0 | 1 | |a The museum phenomen - development and directions |y ang |
| 245 | 1 | 0 | |a Fenomén múzea - vývoj a smerovanie / |c aut. Alexander Schleicher |
| 260 | |a Bratislava : |b STU v Bratislave FA, |c 2013 | ||
| 300 | |a 140 S. | ||
| 650 | 4 | |a osvetlenie | |
| 650 | 4 | |a výraz múzea | |
| 650 | 4 | |a výrazové prostriedky | |
| 650 | 4 | |a návštevník múzea | |
| 650 | 4 | |a múzejník | |
| 650 | 4 | |a architekt | |
| 650 | 4 | |a museum gallery | |
| 650 | 4 | |a exhibition space | |
| 856 | 4 | 1 | |u http://is.stuba.sk/zp/portal_zp.pl?podrobnosti_zp=44125 |u https://opac.crzp.sk/?fn=detailBiblioForm&sid=28206E6A4A0134BE534B451F3272 |
| 996 | |b 284AB01188 |c A* 9346/V |l AAKNST |s P |a 0 |w 0000671_0001 | ||